Loading...
| Fine Arts - Visual | 4 | 4 | 2 | 1 | 90 | 65 | 87.50 | 5 | 8 | 0.00 | 0.00 |
| Literature - World | 2 | 3 | 1 | 1 | 55 | 68 | 99.20 | 3 | 5 | 0.00 | 0.00 |
| Literature - American | 1 | 3 | 0 | 0 | 45 | 77 | 92.00 | 3 | 4 | 0.00 | 0.00 |
| Literature - British | 1 | 2 | 0 | 1 | 35 | 35 | 85.67 | 2 | 3 | 0.00 | 0.00 |
| History - European | 2 | 0 | 1 | 0 | 25 | 38 | 43.00 | 2 | 2 | 0.00 | 0.00 |
| History - Ancient/Other | 1 | 1 | 1 | 1 | 20 | 70 | 100.50 | 1 | 2 | 0.00 | 0.00 |
| Science - Chemistry | 0 | 2 | 0 | 2 | 20 | 136 | 141.00 | 0 | 2 | 0.00 | 0.00 |
| Other Academic | 0 | 2 | 0 | 0 | 20 | 92 | 97.50 | 0 | 2 | 0.00 | 0.00 |
| Literature - European | 0 | 2 | 1 | 0 | 15 | 114 | 116.50 | 1 | 2 | 0.00 | 0.00 |
| Science - Other | 0 | 1 | 0 | 1 | 10 | 143 | 143.00 | 0 | 1 | 0.00 | 0.00 |
| Religion | 0 | 1 | 0 | 0 | 10 | 120 | 120.00 | 0 | 1 | 0.00 | 0.00 |
| Science - Biology | 0 | 1 | 0 | 0 | 10 | 108 | 108.00 | 0 | 1 | 0.00 | 0.00 |
| Fine Arts - Auditory | 0 | 1 | 0 | 1 | 10 | 153 | 153.00 | 1 | 1 | 0.00 | 0.00 |
| History - American | 0 | 0 | 1 | 0 | -5 | 0.00 | 0 | 0 | 0.00 | 0.00 | |
| Philosophy | 0 | 0 | 1 | 0 | -5 | 0.00 | 0 | 0 | 0.00 | 0.00 | |
| Fine Arts - Other | 0 | 0 | 1 | 0 | -5 | 0.00 | 0 | 0 | 0.00 | 0.00 |